MDQL
is popping MORE tags! Check the
thread
!
Quizzes
Events
Quiz Creation
Community
Videos
Private Events
Remove Ads
Sign In
Join for FREE
Feedback
Dark Mode
Quiz Categories
Sports
Geography
Music
Movies
Television
Just For Fun
Miscellaneous
History
Literature
Language
Science
Gaming
Entertainment
Religion
Holiday
For Kids
Quiz Lab
Recent
Popular Today
Quiz Kudos Today
Editor Picks
Curator Picks
Quizzes by...
Day
Popularity
Type
Ratings
Length
Year
Community
Subscriptions
Recent Discussions
Orange Saloon
Badges
Playlists
Quests
Create
Leaderboards
Showdown
Live 5
Trivia Bingo
Activity
Puzzle Library
Sporcle Events
Private Events
Virtual Trivia
Globe League
Become a Host
Pub Owners
SporcleCon
Opinionation
Our Games
Videos
Blog
Mobile Apps
Partnerships
Remove Ads and Go Orange
Feedback
Literature
Harry Potter
A Song of Ice and Fire
The Hunger Games
Literary Character
Shakespeare
Book
Author
Novel
Poem
Young Adult
Children's Books
Play
Lord of the Rings
Literature
Harry Potter
A Song of Ice and Fire
The Hunger Games
Literary Character
Shakespeare
Book
Author
Novel
Poem
Young Adult
Children's Books
Play
Lord of the Rings
Random Quiz
Search Sporcle
×
Quiz Lab
Quiz Lab
Literature
Young Adult
Type in answers that appear in a list
Type in answers that appear in a list
Classic
Best Score? Go Orange.
Artemis Fowl - The Scrolls of Capalla Stats
Can you name the Artemis Fowl - The Scrolls of Capalla Words?
By
Dark_Star
5m
26 Questions
31 Plays
31 Plays
31 Plays
Comments
Comments
Give Quiz Kudos
Give Quiz Kudos
-
- Ratings
hide this ad
More Info
Replay
Link that replays current quiz
Next Quiz
Link to next quiz in quiz playlist
You Got
0%
They Got
Avg Score
34%
Avg Friend Score
Upgrade to see
Score Distribution
Jump to the score distribution portion of the page
Score
0/26
Timer
05:00
0
Plays Today
% Correct
the
90.3%
the
90.3%
a
87.1%
And
58.1%
Fairy
38.7%
is
38.7%
fairy
38.7%
be
38.7%
human
35.5%
era
29%
you
29%
Earth
25.8%
dawning
25.8%
% Correct
So
25.8%
ground
25.8%
heed
22.6%
this
22.6%
warning
22.6%
On
22.6%
make
22.6%
home
22.6%
hide
19.4%
creatures
16.1%
beneath
16.1%
lest
12.9%
found
12.9%
Quiz Playlist
Details
Report
Send in Message
Add To Playlist
More Info:
Can you remember all of the words in the first passage that Foaly translated from The Scrolls of Capalla, in Artemis Fowl: The Artic Incident?
Classic:
Type in answers that appear in a list
Last Updated: Feb 16, 2017
Quiz Scoreboard
CHALLENGE
Sign Up to Join the Scoreboard
Show All
Scores
Hide
Comments
May contain spoilers
Recently Published
5x2 Blitz: Bands
by SL_Kpop136
Music
30s
Colored Red Africa Blitz
by spor1
Geography
30s
Find the 'City' Movie
by crazypaving
Movies
60s
More to Explore
Quiz From the Vault
Featured Blog Post
14 Easter Pick-up Lines to Find Eggs With
hide this ad
You Might Also Like...
Tags
Book Quiz
Translation Quiz
Young Adult Quiz
Artemis Fowl
scroll
Today's Top Quizzes in Literature
Browse Literature
hide this ad
Today's Top Quizzes in Young Adult
Browse Young Adult
Top Contributed Quizzes in Literature
1
Sneaky Slytherin Logic Puzzle
2
Logic Puzzle: Avoid Dumbledore's Army
3
Mini Trivia Sudoku: A Song of Ice and Fire
4
Get The Picture: Black or White Literature
5
The Hunger Games Logic Puzzle: Find Katniss
6
One Thing in Common: Literature II
7
Harry Potter Logic Puzzle - Bill & Fleur's wedding
8
Harry Potter Video Game Releases
9
Silmarillion Characters by Any 3 Letters
10
Harry Potter Clickable Logic Puzzle #4
Explore More
Trending Topics
Anime
Disney
NBA
Crossword
Harry Potter
Kpop
Marvel
Country
WWE
The Office
NFL
Soccer
Puzzle
Song
Pokémon
hide this ad
More By:
Dark_Star
Quiz
Plays
Rating
Category
Featured
Created
Doctor Who Surnames (2005+)
6,645
3.00
Television
Aug 1, 2012
Torchwood Surnames
2,655
2.80
Television
Aug 1, 2012
Jessie J - Price Tag
1,707
4.00
Music
Jul 24, 2012
Sarah Jane Adventures Surnames
1,464
5.00
Television
Aug 1, 2012
Jessie J - Who You Are
919
5.00
Music
Jul 12, 2012
Go to Creator's Profile
Score Distribution
Quiz Creator Spotlight
Dark_Star
Follow
Send a Message
Quizzes Created
-
Created Quiz Play Count
-
More By This Creator
Popular Quizzes Today
1
Colored Red Africa Blitz
2
Find the 'City' Movie
3
Find the US States - No Outlines Minefield
4
5x2 Blitz: Bands
5
The Countries of the World
6
Find the US States
7
US States
8
9x9 Crossword: Cartoon Network
More Literature Quizzes
Missing Word: Comic Strips
Editor's Pick
Trending Quizzes
Colored Red Europe Blitz I
Colored Red Europe Blitz II
Colored Red Africa Blitz II
Colored Red Europe Blitz III
Colored Red Africa Blitz III
Recently Updated
How Do You Spell That?
pecheneg
Godzilla Movies
pecheneg
Grab Bag: 4-10 Letters
pecheneg
2024 March Madness Bracket
pecheneg
Famous TV Couples
Peacemaker
Champions League XIs: Real Madrid
pecheneg
Largest US Cities 1790-2010
pecheneg
Rides in Walt Disney World
pecheneg
Most Oscar Losses (Acting)
pecheneg
Beyoncé Albums
pecheneg
Trending Topics
Disney
Harry Potter
Marvel
Crossword
Kpop
Anime
NBA
NFL
Puzzle
WWE
The Office
Country
Soccer
Pokémon
Song
Your Account Isn't Verified!
In order to create a playlist on Sporcle, you need to verify the email address you used during registration. Go to your
Sporcle Settings
to finish the process.
Report this User
Report this user for behavior that violates our
Community Guidelines
.
Details:
Send Report
Go to the Sporcle.com Mobile Site →
Comments